| 000 | 01164nab a22001937a 4500 | ||
|---|---|---|---|
| 999 |
_c5806 _d5806 |
||
| 003 | OSt | ||
| 005 | 20260106212532.0 | ||
| 008 | 190514b xxu||||| |||| 00| 0 spa d | ||
| 040 | _cPJ | ||
| 100 |
_96716 _aVega, Luciana de la |
||
| 245 | 1 | 3 |
_aEl derecho a la identidad y a la identificación : _bla inscripción tardía y el rol de los agentes judiciales en la pronta subsanación de la falta de inscripción / _cLuciana de la Vega. |
| 300 | _ap. 185-195 | ||
| 505 | _aSumario: I. Palabras iniciales.— II. Recepción del derecho a la identidad en el derecho argentino.— III. Aspectos legales relativos al derecho a la identificación en el derecho argentino.— IV. Falta de inscripción oportuna: consecuencias.— V. Aspectos relativos a la inscripción judicial tardía.— VI. Cuestiones adyacentes pero importantes.— VII. Breves palabras finales. | ||
| 505 | _tSi te interesa el texto, comunicate a koha@justierradelfuego.gov.ar | ||
| 650 | 0 |
_9967 _aDERECHO DE FAMILIA |
|
| 650 | 0 |
_92345 _aDERECHO A LA IDENTIDAD |
|
| 773 | 0 |
_02844 _93222 _dBuenos Aires : AbeledoPerrot, 1989- _tDerecho de familia. N° 116 - Septiembre 2024 _z18511201 |
|
| 942 |
_2udc _cANA |
||